ბათუმის შოთა რუსთაველის სახელმწიფო უნივერსიტეტის ბიბლიოთეკა

The Entrepreneur Mind: (ბიბ.ჩანაწერი № 62692)

000 -LEADER
fixed length control field 00588nam a22001817a 4500
003 - CONTROL NUMBER IDENTIFIER
control field Ge_BSU
005 - DATE AND TIME OF LATEST TRANSACTION
control field 20250123155244.0
008 - FIXED-LENGTH DATA ELEMENTS--GENERAL INFORMATION
fixed length control field 250123s2013 enk||||| |||| 00| 0 eng d
020 ## - INTERNATIONAL STANDARD BOOK NUMBER
International Standard Book Number 9780988479708x
041 ## - LANGUAGE CODE
Language code of text/sound track or separate title eng
080 ## - UNIVERSAL DECIMAL CLASSIFICATION NUMBER
Universal Decimal Classification number 338.22 : 336 J-76
100 ## - MAIN ENTRY--PERSONAL NAME
Personal name Johnson, Kevin D.
9 (RLIN) 24099
245 ## - TITLE STATEMENT
Title The Entrepreneur Mind:
Remainder of title 100 Essential Beliefs, Characteristics, and Habits of Elite Entrepreneurs /
Statement of responsibility, etc. Kevin D. Johnson.
264 ## - PRODUCTION, PUBLICATION, DISTRIBUTION, MANUFACTURE, AND COPYRIGHT NOTICE
Place of production, publication, distribution, manufacture Atlanta :
Name of producer, publisher, distributor, manufacturer Johnson Media Inc.
Date of production, publication, distribution, manufacture, or copyright notice 2013.
300 ## - PHYSICAL DESCRIPTION
Extent 260 p.;
Other physical details 23 cm.
653 ## - INDEX TERM--UNCONTROLLED
keyword მეწარმეობა
942 ## - ADDED ENTRY ELEMENTS (KOHA)
Source of classification or shelving scheme
Koha item type წიგნი
ეგზემპლარები
Withdrawn status Lost status Source of classification or shelving scheme Damaged status Not for loan Permanent Location Current Location Shelving location Date acquired Cost, normal purchase price Full call number Barcode Date last seen Copy number Price effective from Koha item type Public note
          ბათუმის შოთა რუსთაველის სახელმწიფო უნივერსიტეტის მთავარი ბიბლიოთეკა ბათუმის შოთა რუსთაველის სახელმწიფო უნივერსიტეტის მთავარი ბიბლიოთეკა წიგნსაცავი 2025-01-23 33.00 338.22 : 336 J-76 70385 2025-01-23 70385 2025-01-23 წიგნი 33 ლ.